| 000 | 00791nam a2200229 a 4500 | ||
|---|---|---|---|
| 001 | 000030992 | ||
| 003 | OSt | ||
| 005 | 20240409073904.0 | ||
| 008 | 110609s1937 dr r 000 d spa d | ||
| 040 |
_aDO-SdBNP _bspa _cBNPHU |
||
| 082 | 4 |
_aRD862.4 _bR436a _222 |
|
| 100 | 1 |
_aResumil Aragunde, Manuel _917418 |
|
| 245 | 1 | 0 |
_aAlejandro el grande : _bcomedia en tres actos / _cManuel Resumil Aragunde. |
| 260 |
_aCiudad Trujillo, República Dominicana : _bImprenta Montalvo, _c1937. |
||
| 300 |
_a65 p. ; _c20 cm. |
||
| 586 | _aObra laureada con el Primer Premio en el Certamen del Ateneo de Macorís, 1935. | ||
| 590 | _aInventariado, 2019/BT | ||
| 650 | 0 |
_aTeatro dominicano _9637 |
|
| 650 | 4 |
_aLiteratura dominicano _9177 |
|
| 910 | _aValidado. Control de calidad MFF | ||
| 942 |
_2ddc _cLBS1 |
||
| 999 |
_c30484 _d30484 |
||